| 000 | 01305nam a22002417a 4500 | ||
|---|---|---|---|
| 003 | CSPC | ||
| 005 | 20241007162832.0 | ||
| 008 | 241007b |||||||| |||| 00| 0 eng d | ||
| 040 | _cCSPC | ||
| 082 |
_a220.6 _bW556 |
||
| 245 | 0 | 0 | _aWhat can the bible teach us? / |
| 264 | 1 |
_aNew York, USA: _bWatch Tower Bible and Tract Society of New York, Inc. _c2016. |
|
| 300 |
_a224 pages: _bcolored illustrations; _c16 cm. |
||
| 336 |
_2rdacontent _atext |
||
| 337 |
_2rdamedia _aunmediated |
||
| 338 |
_2rdacarrier _avolume |
||
| 500 | _aIncludes index | ||
| 505 | _aWho is God? -- The bible-a book from God -- What is God's purpose for human? -- Who is Jesus Christ? -- The Ransom-God's greatest gift -- Where do we go when we die? -- There will be a resurrection! -- What is God's kingdom? -- Is the end of the world near? -- The Truth about the angels -- Why so much suffering? -- How can you become God's friend? Respect the gift of life -- Your family can be happy -- The Right way to worship God -- The Privilege of prayer -- Should I dedicate my life to God and be baptized? -- Stay close to Jehovah. | ||
| 650 | 0 |
_aBible _vstudy and teaching. |
|
| 650 | 0 | _aStudy skills. | |
| 942 |
_2ddc _n0 _cBK _h220.6 _iW556 _kCIR _m2016 |
||
| 999 |
_c28330 _d28330 |
||